000 01291nam a22002897a 4500
003 OSt
005 20230120113113.0
007 cr ||||||a|c|a
008 230116s2022 mx a|||fom||| 001 0 spa d
040 _erda
100 1 _9185924
_aLópez Hernández, Erick Arturo
245 1 _aPrograma de mejores practicas de manejo (PMPM) para servicios ambientales en el predio particular Ex Hacienda Tierra Blanca /
_cpor Erick Arturo López Hernández; director de tesis Ángel Leyva Ovalle.
264 1 _aChapingo, México :
_bEl autor,
_c2022.
300 _a1 recurso en línea (48 páginas).
_banexos, ilustraciones.
336 _2rdacontent
_atexto
_btxt
337 _2rdamedia
_acomputadora
_bc
338 _2rdacarrier
_arecurso en línea
_bcr
502 _bIFI
_cDICIFO
_d2022.
_gLIC
504 _aIncluye referencias bibliográficas: páginas 28-33.
650 4 _914019
_aBosques
_xAdministración
_xMéxico (Edo.)
650 4 _9134237
_aBosques
_xConservación
_zMéxico (Edo.)
650 4 _917782
_aCambio climático
_xBosques
650 4 _914355
_aBosques
_xOrdenación
700 1 _966584
_aLeyva Ovalle, Angel
_eDirector de tesis.
856 _uhttp://10.13.5.2/tesis/tl/2022_FO_Lopez_Hernandez_ErickArturo.pdf
_zDESCARGAR PDF
942 _2Clasificación Universidad Autónoma Chapingo
_cTD
999 _c218080
_d218080